| 000 | 00453nam a2200157Ia 4500 | ||
|---|---|---|---|
| 999 |
_c10560 _d10560 |
||
| 003 | OSt | ||
| 005 | 20210419112817.0 | ||
| 008 | 190216s9999||||xx |||||||||||||| ||und|| | ||
| 040 | _coclc | ||
| 082 |
_a330 _bSHI/U |
||
| 100 |
_aShirur, Sriniwas _98426 |
||
| 245 | 0 |
_aUGC NET / SLET Economics / _cSriniwas Shirur |
|
| 260 |
_bTrueman Book Company, _c2003. _aNew Delhi: |
||
| 300 | _a415p | ||
| 942 |
_cBK _2ddc _h330 _iSHI/U _k330 _mSHI/U |
||